000 nam a22 a 4500
999 _c3835
_d3835
003 AKMAL
005 20170524093059.0
008 170524s1996 my a e 000 0dmay d
020 _a9839942301 : c RM15.00
082 0 4 _a791.43709595 ASI
_221
090 0 0 _a791.43709595
_bASI
100 0 _aAsiah Sarji
_97576
245 1 0 _aPola pengamalan profesionalisme dalam industri filem Malaysia /
_cDr. Asiah Sarji, Dr. Faridah Ibrahim & Mazni Buyung
260 _aKuala Lumpur :
_bPerbadanan Kemajuan Filem Nasional Malaysia (FINAS),
_c1996
300 0 0 _axxiii, 111ms. :
_bil. ;
_c23cm
504 _aBibliografi: ms. 109-111
650 1 0 _aMotion pictures industry
_xResearch
_zMalaysia
_97577
700 0 _aFaridah Ibrahim
_97578
700 0 _aMazni Buyong
_97579
942 _2ddc
_cBOOK